|
|
|
|
| LEADER |
03062nam a22003733i 4500 |
| 001 |
EBC30666784 |
| 003 |
MiAaPQ |
| 005 |
20231204023231.0 |
| 006 |
m o d | |
| 007 |
cr cnu|||||||| |
| 008 |
231204s2023 xx o ||||0 ger d |
| 020 |
|
|
|a 9783658416416
|q (electronic bk.)
|
| 020 |
|
|
|z 9783658416409
|
| 035 |
|
|
|a (MiAaPQ)EBC30666784
|
| 035 |
|
|
|a (Au-PeEL)EBL30666784
|
| 035 |
|
|
|a (OCoLC)1396697722
|
| 040 |
|
|
|a MiAaPQ
|b eng
|e rda
|e pn
|c MiAaPQ
|d MiAaPQ
|
| 050 |
|
4 |
|a QA299.6-433
|
| 100 |
1 |
|
|a Künnemann, Andreas.
|
| 245 |
1 |
0 |
|a Existenz- und Regularitätstheorie der Zweidimensionalen Variationsrechnung Mit Anwendungen Auf das Plateausche Problem Für Flächen Vorgeschriebener Mittlerer Krümmung.
|
| 250 |
|
|
|a 1st ed.
|
| 264 |
|
1 |
|a Wiesbaden :
|b Springer Vieweg. in Springer Fachmedien Wiesbaden GmbH,
|c 2023.
|
| 264 |
|
4 |
|c {copy}2023.
|
| 300 |
|
|
|a 1 online resource (255 pages)
|
| 336 |
|
|
|a text
|b txt
|2 rdacontent
|
| 337 |
|
|
|a computer
|b c
|2 rdamedia
|
| 338 |
|
|
|a online resource
|b cr
|2 rdacarrier
|
| 505 |
0 |
|
|a Intro -- Danksagung -- Zusammenfassung -- Abstract -- Inhaltsverzeichnis -- 1 Einleitung -- 1.1 Einführung in die Thematik -- 1.2 Aufgaben und Ziele dieser Arbeit -- 1.3 Zum Aufbau der Arbeit -- 2 Grundlagen -- 2.1 Notation und Konventionen -- 2.2 Elementare Abschätzungen -- 2.3 Vektorwertige Lebesgue- und Sobolev-Räume -- 2.4 Spezielle Stetigkeitsbegriffe -- 3 Direkte Methoden der Variationsrechnung -- 3.1 Schwache Unterhalbstetigkeit -- 3.2 Existenz von Minimierern -- 4 Regularitätstheorie zur Stetigkeit von Minimierern -- 4.1 Das Dirichletsche Wachstumstheorem -- 4.2 Hölder-Stetigkeit im Inneren -- 4.3 Stetigkeit bis zum Rand -- 5 Höhere Regularität von Minimierern im Inneren -- 5.1 Erste Variation und schwache Euler-Lagrange-Gleichung -- 5.2 Differenzenquotienten in Sobolev-Räumen -- 5.3 Weitere Ergebnisse zum Dirichletschen Wachstum -- 5.4 W2,2-Regularität -- 5.5 C1,σ-Regularität -- 6 Minimierer vom Poissonschen Typ -- 6.1 C2,σ-Regularität -- 6.2 Dirichletsches Prinzip für harmonische Abbildungen -- 6.3 Das Dirichletproblem des H-Flächen-Systems -- 6.4 Das allgemeine Plateausche Problem für H-Flächen -- 6.5 Das Plateausche Problem für H-Flächen in Körpern -- 7 Resümee -- Literaturverzeichnis.
|
| 588 |
|
|
|a Description based on publisher supplied metadata and other sources.
|
| 590 |
|
|
|a Electronic reproduction. Ann Arbor, Michigan : ProQuest Ebook Central, 2023. Available via World Wide Web. Access may be limited to ProQuest Ebook Central affiliated libraries.
|
| 655 |
|
4 |
|a Electronic books.
|
| 776 |
0 |
8 |
|i Print version:
|a Künnemann, Andreas
|t Existenz- und Regularitätstheorie der Zweidimensionalen Variationsrechnung Mit Anwendungen Auf das Plateausche Problem Für Flächen Vorgeschriebener Mittlerer Krümmung
|d Wiesbaden : Springer Vieweg. in Springer Fachmedien Wiesbaden GmbH,c2023
|z 9783658416409
|
| 797 |
2 |
|
|a ProQuest (Firm)
|
| 856 |
4 |
0 |
|u https://ebookcentral.proquest.com/lib/matrademy/detail.action?docID=30666784
|z Click to View
|